[Event "GER-ch 70th"]
[Site "Bremen"]
[Date "1998.11.14"]
[Round "9"]
[White "Lutz, Christopher"]
[Black "Luther, Thomas"]
[Result "1-0"]
[WhiteElo "2600"]
[BlackElo "2560"]
[Annotator "Finkel,A"]
[PlyCount "139"]
[EventDate "1998.11.06"]
[EventType "swiss"]
[EventRounds "9"]
[EventCountry "GER"]
[SourceTitle "CBM 068"]
[Source "ChessBase"]
[SourceDate "1999.02.01"]
[SourceVersion "1"]
[SourceVersionDate "1999.02.01"]
[SourceQuality "1"]

1. e4 e6 2. d4 d5 3. Nc3 Nf6 4. e5 Nfd7 5. f4 c5 6. Nf3 Nc6 7. Be3 cxd4 8. Nxd4
Bc5 9. Qd2 Nxd4 10. Bxd4 Bxd4 11. Qxd4 Qb6 12. Qxb6 Nxb6 13. Nb5 (13. O-O-O a6
14. Bd3 Bd7 15. Ne2 Nc8 16. Nd4 Ne7 17. Rhf1 Nc6 18. Nxc6 Bxc6 19. f5 Bd7 20.
f6 g6 21. Rf3 $36 {Hartmann,G-Moors,H/BL/1986}) (13. Bd3 Ke7 14. O-O-O Bd7 15.
Rhf1 Bc6 16. Ne2 f6 17. exf6+ gxf6 18. Nd4 Kd6 19. Rde1 Rae8 20. g4 $5 $36 {
Nijboer,F-Gurevich,M/Groningen/1992}) (13. a4 {/\ a5} a5 14. Nb5 Ke7 15. b3 f6
$5 16. exf6+ gxf6 17. Kd2 Bd7 18. Re1 Bxb5 19. Bxb5 Nc8 20. c4 Nb6 $5 21. cxd5
Nxd5 22. g3 Rhd8 23. Kc1 Rac8+ 24. Bc4 $10 {Georgiev,Kir}) 13... Ke7 14. O-O-O
(14. Nd4 Bd7 15. Bd3 {-> 14.Bd3}) (14. b3 $5 Bd7 15. Nd4 a6 16. Bd3 g6 17. Kd2
h5 18. g3 Rac8 19. a4 $14) (14. a4 $5 Bd7 15. a5 Bxb5 16. Bxb5 Nd7 17. b4 Rac8
18. Kd2 g5 $1 $132 {Luther,T-Mueller,K/Altensteig 1992 (32)}) (14. h4 h5 15.
Rh3 $5 Bd7 16. Nd4 g6 17. b3 a6 18. Rc3 Rhc8 19. Kd2 $14 {Gallagher,
J-Kelecevic,N/Biel Credis 1996 (43)}) (14. Kd2 Bd7 15. Nd4 Na4 16. b3 Nc5 17.
Bd3 g6 18. a4 $5 a5 19. Raf1 h5 20. g3 Rag8 21. h4 $14 {Ehlvest,J-Gurevich,M/
Linares 1991/1/2-1/2 (49)}) 14... Bd7 15. Nd4 Na4 (15... Rac8 16. b3 (16. Bd3
Nc4 17. Rde1 $6 Na5 18. Kd2 Nc6 19. Nf3 (19. c3 Nxd4 20. cxd4 h5 21. Rc1 g6 $11
) 19... a6 20. h4 $6 (20. g4 h5 21. h3 g6 22. a3 Na7 23. Nd4 Bb5 $132) 20... h5
$1 21. Rhf1 g6 22. a3 (22. c3 $5) 22... Rc7 $11 {Felsberger,A-Dolmatov,S/EUCup
f 1997 (59)}) 16... f5 $6 17. Bd3 Rcg8 18. g3 g5 19. Rdg1 h5 20. Kd2 Rg7 21.
Ke3 $14 {Pax,H-Mattern,M/RL-ch 1993 (35)}) (15... a6 16. Bd3 (16. g3 Nc8 17.
Bg2 Na7 18. Rhe1 Rac8 19. c3 Rc7 $11 {1/2-1/2 Chandler,M-Chernin,A/Moscow
GMA-qual f 1990}) 16... Nc8 17. g4 Na7 18. Rhg1 Nc6 19. c3 Rac8 20. Be2 b5 21.
Nxc6+ Bxc6 22. Rd4 f6 $11 {Shmuter,L-Dickenson,N/EUCup Gr4 1995 (28)}) (15...
h5 16. g3 Na4 $6 17. Bd3 Nc5 18. h3 Rag8 19. Rhf1 g6 20. Kd2 Be8 21. Rc1 $14 {
Chandler,M-Short,N/Hastings A1 1988}) 16. Bd3 Nc5 {This is considered to be
the main line of variation.} 17. Rhf1 (17. Rde1 h5 18. g3 Rag8 19. h4 (19. Rhf1
g5 20. f5 g4 21. f6+ Kd8 22. Re3 h4 $132 {Timman,J-Chernin,A/Montpellier ct
1985 (42)}) 19... g6 20. Rh2 Rc8 {1/2-1/2 Lau,R-Kindermann,S/Lippstadt 1993}) (
17. Kd2 g5 $5 {[#]} 18. fxg5 Rag8 19. h4 h6 20. Nf3 hxg5 21. Nxg5 Rxh4 $5 22.
Rxh4 Rxg5 23. g4 Rxe5 24. Rh5 Ne4+ $5 {[#]} 25. Bxe4 Rxe4 26. Re1 Rd4+ 27. Kc1
Bc6 28. Rg1 Rf4 $10) 17... g5 $6 (17... Rac8 18. Kd2 f6 19. Rde1 f5 20. h3 g5
21. g3 (21. g4 $5 $14) 21... Rhg8 22. Rg1 Rcf8 23. h4 $14 {Ramsingh,Y-Schmidt,
L/Novi Sad olm 1990 (28)}) (17... g6 $5 18. Rf3 h5 19. g3 Rag8 20. Rdf1 $14 {
Fogarasi,T-Namgilov,S/Budapest FS03 GM 1996 (28)}) 18. f5 Nxd3+ $6 (18... Rac8
19. Kd2 h6 $5) 19. cxd3 exf5 20. Nxf5+ Bxf5 21. Rxf5 Rhg8 22. Rdf1 Rg7 23. Kd2
{[%csl Rd5,Rg7][%cal Gd2e3,Ge3d4]} d4 $8 ({Too passive is} 23... Rc8 $6 24. Ke3
Rc2 25. R1f2 Rxf2 26. Rxf2 Ke6 27. Kd4 Rg6 28. b4 $16 {and black hardly can
move.}) 24. Rc1 Ke6 25. Rf6+ Kd5 (25... Kxe5 $4 26. Rcf1 $18 {[%cal Gf1f5]})
26. b4 b6 27. Rcf1 Re8 28. Rxf7 Re7 29. Rf8 $1 ({Nothing promises white} 29.
Rxg7 Rxg7 30. Rf5 h5 $1 $11 {[%csl Re5][%cal Gd5e6,Gh5g4] and black wins back
a pawn}) 29... Kxe5 30. R1f5+ $16 {After this move white by force wins a pawn
and transforms his positional advantage into the material one.} Kd6 31. Rd8+ {
Giving the black an opportunity to choose which pawn to give up!} Rd7 32. Rxd7+
Kxd7 ({Absolutely helpless is} 32... Rxd7 33. Rxg5 Rf7 34. Ke2 Re7+ 35. Kf2 Re3
36. Rg3 Re7 37. Rh3 $1 $18 {[%csl Rd4][%cal Gh3h4,Gh4f4,Gf2f3,Gg2g5,Gh2h5]
with easily winning position.}) 33. Rd5+ Kc6 34. Rxd4 Rf7 35. Rg4 h6 (35...
Rf2+ 36. Kc3 Rxa2 37. Rxg5 a6 38. h4 Ra3+ 39. Kc2 (39. Kd4 $5 Rb3 40. Kc4 Rb2
41. g4 $16) 39... Ra2+ 40. Kb3 Rf2 41. g4 Rg2 42. Kc4 $16) 36. a4 Rf2+ 37. Kc3
Kd5 38. h4 $6 {Without the pawns on the kingside black's defensive task
becomes easier.} gxh4 (38... Rf5 $5) 39. Rd4+ Kc6 (39... Ke5 $6 40. Rxh4 Rxg2
41. Rxh6 Rg7 (41... Kd5 42. Rh7 $18 {[%csl Ra7]}) 42. Kc4 Rc7+ 43. Kb5 Rc3 44.
Ka6 $18) 40. Rxh4 Rxg2 41. Rxh6+ Kc7 42. Rh7+ Kb8 43. Kc4 a6 44. Rh5 (44. d4 $2
Ra2 $1 45. d5 Rxa4 46. d6 Kc8 $11) 44... Rc2+ 45. Kd4 (45. Kd5 Ra2 46. Kc6 Rxa4
47. b5 axb5 48. Kxb6 Kc8 $11) 45... Kb7 46. Rh7+ Kb8 47. a5 $5 {The only
chanse.} bxa5 48. bxa5 Ra2 49. Rh5 Ra4+ 50. Ke3 Kc7 51. d4 Ra1 52. Ke4 Kc6 53.
Rh6+ Kb5 ({Even simplier way to draw was} 53... Kb7 $5 54. Rb6+ (54. Ke5 Rxa5+
55. d5 Ra1 56. Ke6 a5 57. d6 Re1+ 58. Kd7 Kb6 59. Re6 Rd1 60. Ke7 Kc5 61. d7 a4
$11) 54... Ka7 55. Rb2 Rxa5 56. d5 Ra1 (56... Rb5 57. Rc2 a5 58. d6 Rb1 59. Ke5
Ka6 60. d7 Rd1 61. Rc6+ Kb5 62. Rd6) 57. d6 Rd1 58. Ke5 a5 59. Ke6 Ka6 60. d7
a4 61. Re2 $1 Kb5 62. Re5+ Kc4 $11) 54. Rb6+ Kxa5 55. Rb8 Ka4 (55... Ra4 $2 56.
Ke5 Rb4 57. Rxb4 Kxb4 58. d5 a5 59. d6 a4 60. d7 a3 61. d8=Q $18) 56. d5 a5 57.
d6 Rd1 58. Ke5 Ka3 59. Rb5 a4 60. Rd5 Re1+ $2 {Decisive mistake.It was still
possible to make a draw:} (60... Rh1 $1 61. d7 Rh8 62. d8=Q Rxd8 63. Rxd8 Kb2
64. Rb8+ Kc3 65. Ra8 Kb3 66. Kd4 a3 67. Kd3 Kb2 68. Rb8+ Kc1 69. Kc3 a2 $11)
61. Kd4 $18 Rd1+ 62. Kc4 Rc1+ ({Doesn't save} 62... Rxd5 63. Kxd5 Kb2 64. d7 a3
65. d8=Q a2 66. Kc4 a1=Q 67. Qd2+ Kb1 68. Kb3 $18 {and black is helpless.}) 63.
Kb5 Rb1+ 64. Ka5 Rb8 65. Rd3+ $1 Rb3 66. Rd4 $1 {Now it's all over.} Rb8 67.
Rxa4+ Kb3 68. Rh4 $5 Rb7 (68... Rd8 69. Rd4 Kc3 70. Rd1) 69. Rd4 Kc3 70. Rd1
1-0

[Event "GER-ch 70th"]
[Site "Bremen"]
[Date "1998.11.10"]
[Round "5"]
[White "Mueller, Karsten"]
[Black "Luther, Thomas"]
[Result "1/2-1/2"]
[WhiteElo "2550"]
[BlackElo "2560"]
[Annotator "Finkel,A"]
[PlyCount "86"]
[EventDate "1998.11.06"]
[EventType "swiss"]
[EventRounds "9"]
[EventCountry "GER"]
[SourceTitle "CBM 068"]
[Source "ChessBase"]
[SourceDate "1999.02.01"]
[SourceVersion "1"]
[SourceVersionDate "1999.02.01"]
[SourceQuality "1"]

1. e4 e6 2. d4 d5 3. Nc3 Nf6 4. Bd3 $6 {Absolutely harmless variation
permitting black to equalize very easily.} c5 5. exd5 Nxd5 6. Nf3 cxd4 (6...
Nc6 7. Nxd5 exd5 $6 (7... Qxd5 $5) 8. O-O Be7 9. dxc5 O-O 10. Be3 f5 11. Qd2
$16 {Lematschko,T-Khugashvili,T/URS-chT Moscow 1972 (31)}) (6... Nxc3 7. bxc3
Nc6 8. O-O Be7 9. Qe2 O-O 10. Rd1 Qc7 11. Qe4 g6 12. Bf4 $14 {Basagic,V-Voiska,
M/Azov iztW 1990 (40)}) 7. Bb5+ {This move clearly shows white's intension to
make a draw.} (7. Nb5 Nc6 8. Nbxd4 Nxd4 9. Nxd4 Nb4 (9... Bb4+ $5 10. Kf1 O-O
11. h4 f5 12. Bg5 Qc7 13. Qe2 Qb6 $13 {Fette,M-Tyrtania,M/BL2-N9697 1996 (60)})
10. O-O Nxd3 11. Qxd3 Be7 12. Bf4 O-O 13. Rad1 Qb6 $11 {Ljubojevic,L-Bednarski,
J/EU-chT 1973 (35)}) (7. Nxd5 Qxd5 8. O-O Nc6 9. Re1 Bd7 (9... Bc5 10. a3 a6
11. b4 Ba7 12. Bb2 Bd7 13. Be4 $44 {Kersten,U-Marchio,E/Kassel op 1993 (30)})
10. Be4 Qc5 11. a3 Be7 12. b4 Qh5 $11 {Zelcic,R-Benitah,Y/Cannes op18th 1997})
7... Bd7 8. Bxd7+ Nxd7 9. Nxd5 Qa5+ $11 10. c3 Qxd5 11. Qxd4 Qxd4 12. Nxd4 Bc5
13. Nb3 {From now white starts to play carelessly on each move choosing not
the most accurate continuation and gradually creates to himself quiet serious
problems.} (13. Be3 Nf6 14. Nc2 (14. Nxe6 $6 Bxe3 15. Nc7+ Kd7 16. Nxa8 Bf4 17.
Rd1+ Bd6 18. Nb6+ axb6 $15) 14... Bxe3 15. Nxe3 Ke7 16. Ke2 Rhd8 17. Rhd1 $11)
13... Bb6 14. Bf4 $6 {Of course this move is not a mistake and the position
still remains balanced,but after a few such a small inaaccuracies black seizes
the initiative.} (14. Ke2 Ne5 $5 15. Rd1 Ke7 16. Bf4 Nc4 17. Rab1 Rhd8 18. Nd2
$11) 14... O-O-O 15. Ke2 e5 16. Bg3 ({Still deserved attention} 16. Be3 {
with equality.}) 16... h5 $5 17. Bh4 $6 (17. h4 $5) 17... f6 18. f3 g5 19. Bf2
Bxf2 (19... g4 $5) 20. Kxf2 Nb6 21. Rhe1 Nc4 $15 {Black's advantage becomes
'visible':he controls the d-file and his knight is much better placed than the
white one.} 22. Re2 Rd5 23. Rb1 h4 (23... Kd7 24. Ke1 Ke6 25. Nd2 Nxd2 26. Rxd2
Rxd2 27. Kxd2 Rd8+ 28. Ke2 f5 29. Rd1 $11) 24. h3 Rhd8 25. Rbe1 Rb5 26. Rb1 Kc7
$6 ({More in the spirit of the position was} 26... f5 {not permitting to white
rook to attack the knight:} 27. Ke1 Rbd5 28. Na1 Nd2 29. Rc1 e4 30. fxe4 Nxe4
31. Nb3 Ng3 $36) 27. Re4 Nd2 $6 {Practically giving up the idea to play for a
win:without the knights white doesn't have any problems to hold the position.}
(27... Nd6 $5 28. Re2 $6 (28. Ra4 $1 Nc8 (28... a6 $2 29. c4 $16) 29. Re1 Rbd5
30. Na1 a6 31. Nc2 Ne7 $15 {[%csl Rd2,Rg2][%cal Ge7g6,Gg6f4]}) 28... Rd5 29.
Rc1 (29. Nd2 $6 Rxd2 $1 30. Rxd2 Ne4+ 31. fxe4 Rxd2+ 32. Kf3 Kd6 $17 {[%cal
Gd6e6,Gf6f5]}) 29... Nf5 30. Rce1 Ng3 31. Rc2 Kc6 $15) 28. Nxd2 Rxd2+ 29. Re2
Rd7 (29... Rxe2+ 30. Kxe2 Rd5 31. Rg1 Kd6 32. g3 hxg3 33. Rxg3 Ra5 34. a3 Ra4
35. Rg4 $11) 30. Ke3 Rbd5 (30... f5 $5 31. Kf2 Rbd5 32. Rbe1 {[%csl Re5]} Kd6
33. c4 Rc5 34. Rd2+ Ke6 35. Rxd7 Kxd7 36. b3 $11) 31. Ke4 Kd8 32. Rbe1 Ke7 33.
Kf5 Kf7 34. Re4 $1 $11 {Now the position is balanced and after a couple of
moves the draw is agreed.} Rd2 35. R1e2 Rd1 36. Rf2 R1d5 37. Rfe2 R5d6 38. Rc4
Rd5 39. Rce4 Rd1 40. Rf2 Rc7 41. Rb4 Rd5 42. Re2 Re7 43. Rbe4 Red7 1/2-1/2

[Event "Groningen Harmonie"]
[Site "Groningen"]
[Date "2002.12.28"]
[Round "7"]
[White "Nijboer, Friso"]
[Black "Stellwagen, Daniel"]
[Result "1-0"]
[WhiteElo "2556"]
[BlackElo "2426"]
[Annotator "Finkel,A"]
[PlyCount "63"]
[EventDate "2002.12.21"]
[EventType "tourn"]
[EventRounds "9"]
[EventCountry "NED"]
[EventCategory "10"]
[SourceTitle "CBM 093"]
[Source "ChessBase"]
[SourceDate "2003.04.01"]
[SourceVersion "1"]
[SourceVersionDate "2003.04.01"]
[SourceQuality "1"]

1. e4 e6 2. d4 d5 3. Nc3 Nf6 4. e5 Nfd7 5. f4 c5 6. Nf3 Nc6 7. Be3 cxd4 8. Nxd4
Bc5 9. Qd2 O-O 10. O-O-O a6 11. Nb3 $5 {This move is hardly better than
popular 11.h4, but it leads to different kind of play.} Be7 (11... Bxe3 12.
Qxe3 b5 13. Bd3 Qe7 (13... b4 $5 14. Ne4 a5 15. Ng5 h6 16. h4 Qb6 17. Qxb6 Nxb6
$11 {Cabrilo,G-Kovacevic,V/Stara Pazova 1988}) 14. Qh3 g6 15. Rhf1 Rd8 16. Rde1
Nb6 17. g4 Nc4 18. Qh6 Qf8 19. Qh4 Qe7 20. Qxe7 Nxe7 21. Nd4 $14 {Gurieli,
N-Zaitseva,L/Tbilisi 1987}) (11... Bb4 12. Bd3 (12. a3) 12... b5 13. Rhf1 Nb6
14. Qf2 Nc4 15. Bxc4 bxc4 16. Nd4 Ne7 $1 $132 {Cabrilo,G-Bareev,E/Belgrade 1988
}) (11... b6 12. Kb1 Qe7 13. h4 Bb7 14. Na4 Rac8 15. Qf2 Bxe3 16. Qxe3 b5 17.
Nc3 f6 $13 {Perez Fungueiro,M-Hoffman,A/Pontevedra 1992}) 12. Bd3 b5 13. Qe2 (
13. g4 Qc7 14. Qf2 Na5 15. Nd4 Nc4 16. Bxc4 bxc4 17. Nf5 $1 Bb4 18. Qh4 $1 $40
{Nemirovski,S-Meister,P/Val Thorens 1989}) 13... Nb4 (13... Nb6 14. Qh5 g6 15.
Qf3 Na4 16. h4 Nb4 17. h5 Nxc3 18. hxg6 $1 $40 {Maric,D-Dizdar,G/Belgrade 1988}
) 14. Bd4 $5 {[%cal Gf4f5]} Nxd3+ 15. Rxd3 a5 16. Rg3 a4 17. Nd2 b4 18. Qh5 $5
{White is playing in very risky manner, but it finally pays off because black
makes the decisive mistake just on the next move.} Kh8 (18... bxc3 19. Qh6
cxd2+ 20. Kxd2 Bg5 (20... g6 21. Rh3 $18 {[%csl Rh7]}) 21. Rxg5 g6 22. h4 Qe7
23. h5 Ba6 24. f5 $40) 19. f5 $6 (19. Nb5 $5) 19... exf5 $2 {Trusting his
experienced opponent Dutch youngster makes the deicsive mistake. It was better
to accpet the sacrifice} (19... bxc3 20. Nf3 cxb2+ 21. Kb1 exf5 (21... f6) 22.
e6 Bf6 $1 (22... Nf6 23. Qg5 g6 24. Rh3 Rg8 25. Ne5 $40) 23. exd7 Bxd7 $17) 20.
Nxd5 $16 {[%cal Ge5e6] Now white got nice attacking position just for free.} f6
(20... Bb7 21. e6 Nf6 22. Qg5 Rg8 23. exf7 (23. Nxe7 Qxe7 24. exf7 Qxf7 25.
Qxf5 $14) 23... Qxd5 24. fxg8=Q+ Rxg8 25. Qe3 $16) 21. Nf3 Nxe5 $6 (21... Bb7
$5) 22. Nxe5 fxe5 23. Bxe5 $18 Bf6 (23... Rg8 24. Nxe7 Qxe7 25. Rh3 $18) 24.
Rh3 h6 (24... Bg5+ 25. Bf4 Bxf4+ 26. Nxf4 h6 27. Ng6+ $18) 25. Nxf6 Rxf6 26.
Rd1 Qf8 27. Bxf6 Qxf6 28. Qe8+ Kh7 29. Rd8 b3 30. Qg8+ Kg6 31. Rg3+ Kh5 32.
Qe8+ 1-0

[Event "Dos Hermanas-A"]
[Site "Dos Hermanas"]
[Date "2003.03.28"]
[Round "1"]
[White "Dreev, Alexey"]
[Black "Vallejo Pons, Francisco"]
[Result "1/2-1/2"]
[WhiteElo "2690"]
[BlackElo "2629"]
[Annotator "Finkel,A"]
[PlyCount "42"]
[EventDate "2003.03.28"]
[EventType "tourn"]
[EventRounds "9"]
[EventCountry "ESP"]
[EventCategory "16"]
[SourceTitle "CBM 095"]
[Source "ChessBase"]
[SourceDate "2003.07.25"]
[SourceVersion "1"]
[SourceVersionDate "2003.07.25"]
[SourceQuality "1"]

1. d4 d6 {It's hard to assume after this move that the game will transpose to
french defense, but chess is a very unpredictable game!} 2. e4 Nf6 3. f3 d5 4.
e5 Nfd7 5. f4 ({After} 5. c4 $5 {the game would've transposed to queen's
gambit accepted.}) 5... c5 6. Nf3 Nc6 7. Be3 Qb6 8. Nc3 cxd4 9. Nxd4 ({Of
course not} 9. Nxd5 $2 Qa5+ $19 {and white loses his knight.}) 9... e6 10. Qd2
Qxb2 11. Rb1 Qa3 12. Bb5 Ndb8 $5 13. f5 Bb4 {It seems that Vallejo came
well-prepared for this game, so he isn't afraid to enter this sharp variation.}
(13... Bd7 14. fxe6 fxe6 15. Bxc6 bxc6 16. O-O Be7 17. Rb3 Qa5 18. Bg5 Qc5 19.
Nce2 $40 {[%cal Gb3g3] Benjamin,J-Sarkar,J, Philadelphia 1998}) (13... a6 14.
fxe6 fxe6 15. Bxc6+ bxc6 16. O-O Be7 17. Rb3 Qa5 18. Rxb8 Rxb8 19. Nxc6 Qc7 20.
Nxb8 Qxb8 21. Bd4 Rf8 $13 {Frolianov,D-Ilijin,A, Toljatti 2000}) 14. Rb3 Qa5
15. O-O exf5 16. a3 {Only this move appears to be a novelty, however it has no
impact on the evaluation of this line as leading to equality.} (16. Rfb1 f4 17.
Rxb4 fxe3 18. Qxe3 O-O 19. Bxc6 Nxc6 20. Rb5 Qa6 21. Rxd5 {1/2-1/2 Dolmatov,
S-Volkov,S/Kstovo 1997}) (16. Nxf5 $6 Bxf5 17. Rxf5 Bxc3 (17... O-O $5 18. Qxd5
$140 $2 Ne7 19. Qxb7 Nxf5 $19) 18. Qxc3 (18. Qxd5 $2 O-O 19. e6 Bf6 $6 (19...
Ne7 $1 20. exf7+ (20. Qc5 Nbc6 21. Rxf7 Bf6 $19) 20... Kh8 21. Qc5 Nbc6 $19)
20. exf7+ Rxf7 21. Qe6 Na6 22. Bxc6 Nc5 23. Bxc5 bxc6 24. Rb7 {1-0 Traub,
B-Haus,F, Germany 1997}) 18... Qxc3 19. Rxc3 a6 20. Ba4 O-O 21. Rd3 $13) 16...
Bxc3 17. Rxc3 {It's quite obvious that white can't fight for the advantage
without the queens since his pawn structure is seriously damaged, not to
mention the fact he is a pawn down.} (17. Qxc3 Qxc3 18. Rxc3 Bd7 19. Rc5 Nxd4
20. Bxd4 Bxb5 21. Rxb5 Nc6 22. Rxd5 Nxd4 23. Rxd4 Ke7 $11) 17... O-O 18. Bxc6 {
White's initiative is sufficient just for a draw. An attempts to fight for
more would've put white in serious danger.} (18. a4 a6 19. Nb3 $6 (19. Bxc6
Nxc6 20. Bh6 Nxe5 (20... Qb6 21. Rxc6 bxc6 22. Bxg7 $11)) 19... Qc7 20. Bh6 f4
21. Qxf4 (21. Rxf4 gxh6 22. Rg3+ Kh8 23. Rh4 Qb6+ 24. Kh1 Nxe5 25. Qf4 f6 26.
Qxh6 Rf7 $19) 21... Qxe5 22. Rg3 Qxf4 23. Rxf4 axb5 24. Bxg7 Ne7 $15) 18...
Nxc6 19. Nxc6 $6 ({Better was} 19. Bh6 Qb6 20. Rxc6 bxc6 21. Bxg7 (21. Qg5 $2
Qxd4+ 22. Kh1 Qxe5 $19) 21... Kxg7 22. Qg5+ $11 {forcing a draw right away.})
19... bxc6 20. Bh6 d4 $6 {I can understand Vallejo who is satisfied with a
draw, but it seems that black could've tried to fight for more after 20...f6} (
20... f6 $5 21. Bf4 (21. Bxg7 $6 Qb6+ 22. Kh1 Kxg7 23. Rg3+ Kh8 24. Qh6 Rf7 25.
exf6 Qc7 26. Re1 Ba6 27. Rge3 Qd8 $19) 21... Bd7 22. exf6 Rxf6 23. Be5 Rg6 $17)
21. Qxd4 (21. Qg5 Qxe5 22. Rg3 g6 23. Bxf8 Kxf8 24. Qh6+ Kg8 25. Rh3 Qg7 $132)
21... Qd8 1/2-1/2

[Event "Corus-B"]
[Site "Wijk aan Zee"]
[Date "2005.01.30"]
[Round "13"]
[White "Karjakin, Sergey"]
[Black "Stellwagen, Daniel"]
[Result "1-0"]
[WhiteElo "2599"]
[BlackElo "2524"]
[Annotator "Finkel,A"]
[PlyCount "113"]
[EventDate "2005.01.15"]
[EventType "tourn"]
[EventRounds "13"]
[EventCountry "NED"]
[EventCategory "13"]
[SourceTitle "CBM 105"]
[Source "ChessBase"]
[SourceDate "2005.04.11"]
[SourceVersion "1"]
[SourceVersionDate "2005.04.11"]
[SourceQuality "1"]

1. e4 e6 2. d4 d5 3. Nc3 Nf6 4. e5 Nfd7 5. f4 c5 6. Nf3 Nc6 7. Be3 cxd4 8. Nxd4
Bc5 9. Qd2 O-O 10. O-O-O a6 11. Qf2 {This move was braught back to fashion by
Kramnik after scoring very convincing win over Radjabov in Linares.} Bxd4 (
11... Nxd4 12. Bxd4 Qe7 (12... Qc7 13. Bd3 b5 14. Qh4 g6 15. Ne2 b4 16. Qh6
Bxd4 17. Nxd4 Nc5 18. h4 $16 {Miljanic,B-Kalezic,B/Budva 2003}) 13. Bd3 Bxd4
14. Qxd4 Qc5 15. Ne2 Qxd4 16. Nxd4 Nb8 17. h4 $14 {Grischuk,A-Iljushin,A/
Krasnoyarsk 2003}) 12. Bxd4 b5 13. Be3 {White prefers to lose a tempo, but to
keep the bishop on the board.} (13. Bd3 b4 14. Ne2 a5 15. Kb1 Ba6 16. h4 Qc7
17. h5 Rfc8 18. Be3 a4 $36 {Kharitonov,A-Iljushin,A/Krasnoyarsk 2003}) 13... b4
(13... Bb7 14. Bd3 Nb4 15. Bd4 Rc8 16. Kb1 Qa5 17. a3 Nc6 18. f5 Ndxe5 $4 19.
Bb6 {Kramnik,V-Shirov,A/Monte Carlo 2003}) (13... f6 14. exf6 Nxf6 15. Bb6 (15.
Bc5 Re8 16. Bd3 e5 17. fxe5 Nxe5 18. Be2 Bb7 19. a3 $16 {Bogner,S-Bjerke,R/
Gausdal 2004}) 15... Qd6 16. g3 Nd7 17. Be3 Qc7 18. Bh3 Nf6 19. Bb6 Qb7 20. Bg2
a5 21. Bc5 $14 {Hommeles,T-Andersen,T/Germany 2004}) 14. Ne2 {Following the
game Shirov-Radjabov, in which white didn't succeed to get anything out of the
opening. In my opinion 14.Na4 poses black more problems, but I guess it's just
a matter of taste.} (14. Na4 $5 f6 (14... a5 15. h4 (15. Bb5 Qc7 16. Qe2 Ncb8
17. Kb1 Ba6 18. Bd3 Qb7 19. h4 Rc8 20. b3 Bxd3 21. Rxd3 Na6 22. Qg4 Qc6 $13 {
Solovjov,S-Nikolenko,O/St Petersburg 2004}) 15... f6 16. exf6 Nxf6 17. h5 Ng4
18. Qg3 Nxe3 19. Qxe3 Qd6 20. g3 $16 {Kraai,J-Schneider,I/Philadelphia 2004})
15. exf6 Nxf6 16. Bb6 Ne4 17. Qe1 Qf6 18. g3 Qf7 19. Bg2 e5 20. Rxd5 Qxd5 21.
Qxe4 Qxe4 22. Bxe4 $16 {Shomoev,A-Iljushin,A/Krasnoyarsk 2003}) 14... a5 15.
Nd4 Nxd4 16. Bxd4 Ba6 {After trading the lightsquared bishops black has no
problems what so ever.} 17. f5 $5 {This move is a novelty. There is no reason
to wait with f5 break since black is going to play Qc7 on his next move.} (17.
Kb1 Qc7 {[%csl Ge5]} 18. h4 Rfc8 19. h5 Nc5 20. Bxc5 Qxc5 21. Qxc5 Rxc5 $11 {
Shirov,A-Radjabov,T/Leon 2004}) 17... exf5 (17... Qc7 18. f6 Rfc8 19. Bxa6 Rxa6
20. Rhe1 Rc6 21. Rd2 a4 $132) 18. Qxf5 Qe7 19. g4 Bxf1 20. Rhxf1 Rfc8 21. Rf2
Nf8 $6 {Black is playing too passively. More in the spirit of the position was}
(21... Nc5 22. Rdf1 Rc7 23. Bxc5 Qxc5 24. Re1 Re7 $132 {with balanced position.
}) 22. Be3 Qb7 (22... Qe6 $5) 23. Qf3 Rc4 (23... Rd8 24. Bc5 (24. Rdf1 Rd7)
24... Ng6 25. Bd6 f6 $132) 24. Rxd5 Rxg4 25. b3 a4 $5 {Starting very
interesting complications which lead to a very weird endgame!} (25... Rg6 26.
Rb5 Qxf3 27. Rxf3 Ne6 28. Rb7 $14) 26. bxa4 $1 {[%csl Gb5]} Rc4 (26... Rxa4 27.
Rd8 $1 Rg1+ 28. Kd2 (28. Kb2 $4 Rxa2+ $1 29. Kxa2 Qa6+ 30. Kb3 Rb1#) 28... Qc7
29. Qxf7+ Qxf7 30. Rxf7 Kxf7 31. Bxg1 Rxa2 (31... Ne6 32. Rd7+ Kg6 33. Ra7 $18)
32. Bc5 Ne6 33. Rd7+ Kg6 34. Bxb4 $16) 27. Rb5 Qxf3 28. Rxf3 Rxa4 (28... Ng6 $6
29. a5 Rc3 30. Rg3 $1 Rac8 31. a6 Rxc2+ 32. Kb1 $18) 29. e6 $5 {[%csl Rf8,Rg8]}
(29. Kb2 $5 Ra8 30. Bd2 (30. Rb7 Rc3 31. Rxb4 Rac8 32. Rb7 Rxc2+ $11) 30...
Rac8 31. c3 Nd7 $1 32. Kb3 bxc3 33. Rxc3 Rxc3+ 34. Bxc3 Nc5+ 35. Ka3 Nd3 36.
Bd4 $14) 29... Nxe6 30. Rb8+ Nf8 31. Rf4 Rc6 (31... Rxf4 $2 32. Bxf4 Ra6 33.
Bd2 $18) 32. Rf5 h6 33. Rfb5 $1 {[%cal Ge3c5]} (33. Bc5 $6 Ra5 {[%cal Ga5f5]}
34. Rxf8+ Kh7 $11) 33... Rxa2 34. Bc5 b3 $1 35. cxb3 Rf6 $132 36. Kb1 Rxh2 37.
Rxf8+ Kh7 38. Be3 Rf1+ 39. Bc1 Rhh1 $6 (39... g5 $1 40. Rc5 Kg7 41. Rd8 g4 42.
Rc2 g3 43. Rd3 Rg1 44. Kb2 Rxc2+ 45. Kxc2 h5 $13) 40. Rc5 h5 41. Rfc8 Rh3 $2 (
41... h4 42. b4 h3 43. b5 h2 44. Rh5+ Kg6 45. Rh4 Rf5 46. Rc6+ f6 47. b6 Rb5+
48. Kc2 Rh5 49. Rcc4 Rxc1+ 50. Kxc1 h1=Q+ 51. Rxh1 Rxh1+ 52. Kc2 Rh8 $11) 42.
Kc2 f6 43. b4 $18 Rf2+ 44. Bd2 Kg6 45. Rc3 Rxc3+ 46. Rxc3 Rf5 47. Rh3 Rb5 48.
Kc3 Rb8 49. Bf4 Rh8 50. b5 Kf5 51. Bc7 h4 (51... g5 52. b6 g4 53. Rh1 h4 54. b7
$18) 52. b6 Kg4 53. Rd3 g5 54. b7 h3 55. b8=Q Rxb8 56. Bxb8 f5 57. Bh2 $1 1-0